000 00416nam a2200169Ia 4500
008 221030s9999 xx 000 0 und d
020 _a8188665087
041 _aEnglish
082 _a105.23
_bSin
100 _aV. Singhal
245 0 _aObject Modeling & Design
_cby V. Singhal, R. Baweja
260 _bInfocom Pub.
_aNew Delhi
_c2003
300 _a253
650 _aComputers
700 _aR. Baweja
942 _cBK
999 _c8714
_d8714